Catalog

Record Details

Catalog Search



Jugendliche Umsiedler aus Schlesien : eine empirische Untersuchung über Konsequenzen der Wanderung  Cover Image Book Book

Jugendliche Umsiedler aus Schlesien : eine empirische Untersuchung über Konsequenzen der Wanderung / Stanislaus Stepień.

Record details

  • ISBN: 3-407-58128-9
  • Physical Description: viii, 144 p. : ill. ; 21 cm.
  • Publisher: Weinheim : Beltz, 1981.

Content descriptions

Bibliography, etc. Note:
Bibliography: p. 132-136.

Available copies

  • 1 of 1 copy available at Common Catalog SPOK.

Holds

  • 0 current holds with 1 total copy.
Show Only Available Copies
Location Call Number / Copy Notes Barcode Shelving Location Status Due Date
Terezin Initiative Institute 2367 4594302367 Knihovna ITI Available -

LDR 01130cam a2200301 a 4500
00149373
003CZ-PrJAB
00520221116102341.0
008811005s1981 gw a b 000 0 ger
035 . ‡a(DLC) 81192566
020 . ‡a3-407-58128-9
040 . ‡aDLC ‡cDLC ‡dDLC
1001 . ‡aStepień, Stanislaus, ‡d1948- ‡4aut
24510. ‡aJugendliche Umsiedler aus Schlesien : ‡beine empirische Untersuchung über Konsequenzen der Wanderung / ‡cStanislaus Stepień.
260 . ‡aWeinheim : ‡bBeltz, ‡c1981.
300 . ‡aviii, 144 p. : ‡bill. ; ‡c21 cm.
4901 . ‡aBeltz Forschungsberichte
504 . ‡aBibliography: p. 132-136.
910 . ‡aABE340 ‡b2367
995 . ‡aska
901 . ‡a49373 ‡bAUTOGEN ‡c49373 ‡tbiblio

Additional Resources